000 00679nam a2200217 i 4500
001 124630
003 ES-MaACL
005 20250814071047.0
007 t|
008 070413s1929 sp ab |||| | spa d
100 1 _aDix, Arthur.
_944896
245 1 0 _aGeografía política /
_cArthur Dix ; traducción y notas de L. Martín Echeverría.
260 _aBarcelona :
_bLabor,
_c[1929]
300 _a198 p. :
_bil., mapas ;
_c17 cm.
490 1 _aColección Labor ;
_v196
650 0 7 _aGeografía política
_2embne
_913083
700 1 _aMartín Echeverría, Leonardo.
_977479
830 0 0 _aColección Labor
_v196
_9184254
852 _aES-MaACL
_jE-2712
999 _c124630
_d124630